• 首页
  • 本馆介绍
  • 公告通知
  • 最新文献
  • 馆藏检索
  • 电子资源
  • 读者导购
  • 参考咨询
  • 我的图书馆
  • 登录
  • 详细信息显示
  • 放入我的书架
  • 预约/预借图书
  • 作者相关作品
  • 分类相关作品
  • 丛书相关作品
  • 出版社相关作品

书目信息

  • 表格格式
  • 工作单格式
  • 卡片格式
题名:
2020:无网不在
    
 
作者: 刘稀元 著
分册:  
出版信息: 北京   昆仑出版社  2005
页数: 229页
开本: 22cm
丛书名: 21制高点
单 册:
中图分类: TP393-49
科图分类:
主题词: 计算机网络--普及读物
电子资源:
ISBN: 7-80040-764-0
000 01429nam0 2200349 450
000 01392nam0 2200337 450
000 01376nam0 2200337 450
000 01339nam0 2200325 450
000 01357nam0 2200313 450
000 01320nam0 2200301 45
001 TS2006022875
005 20061216100909.78
010    @a7-80040-764-0@dCNY24.00
092    @aCN@bTS01-025445
100    @a20060829d2005 em y0chiy0110 ea
101 0  @achi
102    @aCN@b110000
105    @ay z 000yy
200 1  @a2020:无网不在@A2020:wu wang bu zai@e关于e网打尽城里的新游戏和用鼠标点击战争@EGuan Yu e Wang Da Jin Cheng Li De Xin You Xi He Yong Shu Biao Dian Ji Zhan Zheng@f刘稀元著@FLiu Xi Yuan Zhu
210    @a北京@c昆仑出版社@d2005
215    @a229页@d22cm
225 2  @a21制高点
330    @a本书共分两篇。上篇讲述了网络时代的城市生活、网络时代的网络经济贸易、网络时代的战争、网络时代的文学;下篇讲述了网络时代的信息安全、网络时代的隐私、网络时代我们会不会有另一种爱情等等。
410  0 @12001 @a21制高点
517 1  @a关于e网打尽城里的新游戏和用鼠标点击战争@AGuan Yu e Wang Da Jin Cheng Li De Xin You Xi He Yong Shu Biao Dian Ji Zhan Zheng
606 0  @a计算机网络@y普及读物
690    @aTP393-49@v4
701  0 @a刘稀元@ALiu Xi Yuan@4著
801  0 @aCN@b中图数据@c20061216
905    @a10447@dTP393-49@e657
    
    2020:无网不在:关于e网打尽城里的新游戏和用鼠标点击战争/刘稀元著.-北京:昆仑出版社,2005
    229页;22cm.-(21制高点)
    
    
    ISBN 7-80040-764-0:CNY24.00
    本书共分两篇。上篇讲述了网络时代的城市生活、网络时代的网络经济贸易、网络时代的战争、网络时代的文学;下篇讲述了网络时代的信息安全、网络时代的隐私、网络时代我们会不会有另一种爱情等等。
●
相关链接 在E读中查询图书 在五车中查询图书 在当当中查询图书 在豆瓣中查询图书


正题名:2020:无网不在     索取号:TP393-49/657         预约/预借

序号 登录号 条形码 馆藏地/架位号 状态 备注
1 0608202   206082022   第二样本阅览室/ [索取号:TP393-49/657] 在馆    
2 0608203   206082031   第三借阅区/ [索取号:TP393-49/657] 在馆    
3 0608204   206082040   第三借阅区/ [索取号:TP393-49/657] 在馆    
4 0608205   206082059   第三借阅区/ [索取号:TP393-49/657] 在馆    
5 0608206   206082068   第三借阅区/ [索取号:TP393-49/657] 在馆    
唐山师范学院图书馆 欢迎您!
大连网信软件有限公司© 版权所有